<?xml version="1.0" encoding="UTF-8"?>
<record
    xmlns:xsi="http://www.w3.org/2001/XMLSchema-instance"
    xsi:schemaLocation="http://www.loc.gov/MARC21/slim http://www.loc.gov/standards/marcxml/schema/MARC21slim.xsd"
    xmlns="http://www.loc.gov/MARC21/slim">

  <leader>01422nam a22002537a 4500</leader>
  <controlfield tag="005">20180116123006.0</controlfield>
  <datafield tag="010" ind1=" " ind2=" ">
    <subfield code="a">B-668964</subfield>
  </datafield>
  <datafield tag="020" ind1=" " ind2=" ">
    <subfield code="a">9788126340033</subfield>
    <subfield code="c">120.00</subfield>
  </datafield>
  <datafield tag="035" ind1=" " ind2=" ">
    <subfield code="a">B-668964</subfield>
  </datafield>
  <datafield tag="037" ind1=" " ind2=" ">
    <subfield code="b">&#x92D;&#x93E;&#x930;&#x924;&#x940;&#x92F; &#x91C;&#x94D;&#x91E;&#x93E;&#x928;&#x92A;&#x940;&#x920;/ PUB</subfield>
  </datafield>
  <datafield tag="082" ind1=" " ind2=" ">
    <subfield code="a">&#x909;</subfield>
  </datafield>
  <datafield tag="100" ind1=" " ind2=" ">
    <subfield code="a">&#x905;&#x928;&#x928;&#x94D;&#x924;&#x92E;&#x942;&#x930;&#x94D;&#x924;&#x93F;, &#x92F;&#x942;. &#x906;&#x930;.</subfield>
  </datafield>
  <datafield tag="245" ind1=" " ind2=" ">
    <subfield code="a">&#x92D;&#x935; /</subfield>
    <subfield code="c">&#x92F;&#x942;. &#x906;&#x930;. &#x905;&#x928;&#x928;&#x94D;&#x924;&#x92E;&#x942;&#x930;&#x94D;&#x924;&#x93F;; &#x92C;&#x940;.&#x906;&#x930;. &#x928;&#x93E;&#x930;&#x93E;&#x92F;&#x923; &#x926;&#x94D;&#x935;&#x93E;&#x930;&#x93E; &#x930;&#x942;&#x92A;&#x93E;&#x928;&#x94D;&#x924;&#x930;&#x93F;&#x924;</subfield>
  </datafield>
  <datafield tag="246" ind1=" " ind2=" ">
    <subfield code="a">Bhav</subfield>
    <subfield code="b">by U. R. Anantmurti</subfield>
  </datafield>
  <datafield tag="250" ind1=" " ind2=" ">
    <subfield code="a">&#x92A;&#x93E;&#x902;&#x91A;&#x935;&#x93E;&#x902; &#x938;&#x902;&#x938;&#x94D;&#x915;.</subfield>
  </datafield>
  <datafield tag="260" ind1=" " ind2=" ">
    <subfield code="a">&#x928;&#x908; &#x926;&#x93F;&#x932;&#x94D;&#x932;&#x940;</subfield>
    <subfield code="b">&#x92D;&#x93E;&#x930;&#x924;&#x940;&#x92F; &#x91C;&#x94D;&#x91E;&#x93E;&#x928;&#x92A;&#x940;&#x920;</subfield>
    <subfield code="c">2012</subfield>
  </datafield>
  <datafield tag="270" ind1=" " ind2=" ">
    <subfield code="a">18, &#x907;&#x928;&#x94D;&#x938;&#x94D;&#x91F;&#x940;&#x91F;&#x94D;&#x92F;&#x942;&#x936;&#x928;&#x932; &#x90F;&#x930;&#x93F;&#x92F;&#x93E;, &#x932;&#x94B;&#x926;&#x940; &#x930;&#x94B;&#x921;</subfield>
    <subfield code="b">&#x928;&#x908; &#x926;&#x93F;&#x932;&#x94D;&#x932;&#x940;</subfield>
    <subfield code="e">110003</subfield>
  </datafield>
  <datafield tag="300" ind1="8" ind2=" ">
    <subfield code="a">125&#x92A;&#x943;.</subfield>
    <subfield code="b">22&#x938;&#x947;&#x92E;&#x940;(&#x938;&#x91C;&#x93F;&#x932;&#x94D;&#x926;)</subfield>
  </datafield>
  <datafield tag="490" ind1=" " ind2=" ">
    <subfield code="a">&#x930;&#x93E;&#x937;&#x94D;&#x91F;&#x94D;&#x930;&#x92D;&#x93E;&#x930;&#x924;&#x940; / &#x932;&#x94B;&#x915;&#x94B;&#x926;&#x92F; &#x917;&#x94D;&#x930;&#x928;&#x94D;&#x925;&#x92E;&#x93E;&#x932;&#x93E; : &#x917;&#x94D;&#x930;&#x928;&#x94D;&#x925;&#x93E;&#x902;&#x915;  596</subfield>
  </datafield>
  <datafield tag="500" ind1=" " ind2=" ">
    <subfield code="a">&#x91C;&#x94D;&#x91E;&#x93E;&#x928;&#x92A;&#x940;&#x920; &#x92A;&#x941;&#x930;&#x938;&#x94D;&#x915;&#x93E;&#x930; &#x938;&#x947; &#x938;&#x92E;&#x94D;&#x92E;&#x93E;&#x928;&#x93F;&#x924; &#x915;&#x943;&#x924;&#x93F;</subfield>
  </datafield>
  <datafield tag="700" ind1=" " ind2=" ">
    <subfield code="9">24521</subfield>
    <subfield code="a">&#x928;&#x93E;&#x930;&#x93E;&#x92F;&#x923;,  &#x92C;&#x940;. &#x906;&#x930;.</subfield>
  </datafield>
  <datafield tag="942" ind1=" " ind2=" ">
    <subfield code="2">ddc</subfield>
    <subfield code="c">HN</subfield>
    <subfield code="h">&#x909;</subfield>
    <subfield code="m">&#x905;&#x928;&#x928;&#x94D;&#x924;</subfield>
  </datafield>
  <datafield tag="999" ind1=" " ind2=" ">
    <subfield code="c">149252</subfield>
    <subfield code="d">149252</subfield>
  </datafield>
  <datafield tag="952" ind1=" " ind2=" ">
    <subfield code="0">0</subfield>
    <subfield code="1">0</subfield>
    <subfield code="4">0</subfield>
    <subfield code="7">0</subfield>
    <subfield code="8">FIC</subfield>
    <subfield code="a">AV</subfield>
    <subfield code="b">AV</subfield>
    <subfield code="d">2018-01-16</subfield>
    <subfield code="e">&#x92D;&#x93E;&#x930;&#x924;&#x940;&#x92F; &#x91C;&#x94D;&#x91E;&#x93E;&#x928;&#x92A;&#x940;&#x920;/D/00830-D5/22.2.17/342/9.2.17/20.3.17</subfield>
    <subfield code="g">120.00</subfield>
    <subfield code="l">1</subfield>
    <subfield code="m">1</subfield>
    <subfield code="o">&#x909; &#x905;&#x928;&#x928;&#x94D;&#x924;</subfield>
    <subfield code="p">B-668964</subfield>
    <subfield code="r">2022-03-11 00:00:00</subfield>
    <subfield code="s">2022-02-15</subfield>
    <subfield code="t">1</subfield>
    <subfield code="v">120.00</subfield>
    <subfield code="w">2018-01-16</subfield>
    <subfield code="y">HN</subfield>
  </datafield>
</record>
